[Event "Lisbon Christmas op"]
[Site "Lisbon"]
[Date "2014.12.30"]
[Round "9"]
[White "Pinheiro, Jose"]
[Black "Ferreira, Luis Pedro Oliveira"]
[Result "1/2-1/2"]
[WhiteElo "2330"]
[BlackElo "1991"]
[PlyCount "65"]
[EventDate "2014.12.26"]
[EventType "swiss"]
[EventRounds "9"]
[EventCountry "POR"]
[SourceTitle "EXT 2018"]
[Source "ChessBase"]
[SourceDate "2017.10.13"]
[SourceVersion "1"]
[SourceVersionDate "2017.10.13"]
[SourceQuality "1"]

1. Nf3 Nf6 2. d4 g6 3. c4 Bg7 4. Nc3 0-0 5. Bf4 c5 6. d5 d6 7. e4 Nh5 8. Bg5 h6 9. Be3 e5 10. dxe6 Bxe6 11. Qd2 Kh7 12. Rd1 Qb6 13. e5 dxe5 14. Na4 Qc6 15. Nxc5 Bg4 16. Be2 Nf4 17. Bxf4 Qxc5 18. Be3 Qc7 19. 0-0 Nc6 20. h3 Bf5 21. Qc1 Rfd8 22. a3 e4 23. Nh2 Nd4 24. Bxd4 Bxd4 25. Ng4 Bxg4 26. hxg4 Qb6 27. Qf4 Qe6 28. b4 Rd7 29. g3 Rad8 30. Kg2 Qe5 31. Qxe5 Bxe5 32. Rxd7 Rxd7 33. Rd1 1/2-1/2

[Event "Lisbon Christmas op"]
[Site "Lisbon"]
[Date "2014.12.29"]
[Round "7"]
[White "Ferreira, Paulo"]
[Black "Pinheiro, Jose"]
[Result "0-1"]
[WhiteElo "2064"]
[BlackElo "2330"]
[PlyCount "46"]
[EventDate "2014.12.26"]
[EventType "swiss"]
[EventRounds "9"]
[EventCountry "POR"]
[SourceTitle "CBM 164 Extra"]
[Source "ChessBase"]
[SourceDate "2015.03.02"]
[SourceVersion "1"]
[SourceVersionDate "2015.03.02"]
[SourceQuality "1"]

1. Nf3 c5 2. c4 g6 3. g3 Nc6 4. Bg2 Bg7 5. Nc3 d6 6. 0-0 Rb8 7. e3 Nf6 8. d4 0-0 9. b3 a6 10. Bb2 b5 11. cxb5 axb5 12. Qd2 c4 13. bxc4 bxc4 14. Rfc1 Qb6 15. Nd1 Ne4 16. Qc2 d5 17. Ne5 Nb4 18. Qa4 Bxe5 19. dxe5 Nd3 20. Bd4 Qe6 21. Rcb1 Bd7 22. Rxb8 Bxa4 23. Rbb1 Bd7 0-1

[Event "Lisbon Christmas op"]
[Site "Lisbon"]
[Date "2014.12.27"]
[Round "3"]
[White "Dias, Paulo Jorge Guimara"]
[Black "Pinheiro, Jose"]
[Result "1/2-1/2"]
[WhiteElo "2421"]
[BlackElo "2330"]
[PlyCount "111"]
[EventDate "2014.12.26"]
[EventType "swiss"]
[EventRounds "9"]
[EventCountry "POR"]
[SourceTitle "CBM 164 Extra"]
[Source "ChessBase"]
[SourceDate "2015.03.02"]
[SourceVersion "1"]
[SourceVersionDate "2015.03.02"]
[SourceQuality "1"]

1. d4 Nf6 2. c4 e6 3. Nf3 b6 4. g3 Ba6 5. Qc2 Bb4+ 6. Bd2 Bxd2+ 7. Nbxd2 0-0 8. e4 d5 9. e5 Nfd7 10. Bd3 h6 11. h4 Re8 12. Bh7+ Kf8 13. 0-0-0 c5 14. Rhe1 Nc6 15. Kb1 cxd4 16. cxd5 Nb4 17. Qa4 Bd3+ 18. Bxd3 Nxd3 19. Re2 N7c5 20. Qxd4 Qxd5 21. Qxd5 exd5 22. Nb3 Rad8 23. Nbd4 Nb4 24. a3 Nba6 25. Nc6 Rd7 26. Nfd4 Rc8 27. f4 Rdc7 28. Nb5 Rxc6 29. Nxa7 Nb3 30. Nxc8 Rxc8 31. Re3 Nac5 32. Rxd5 g6 33. g4 Ra8 34. Kc2 Na1+ 35. Kb1 Nab3 36. Kc2 Na1+ 37. Kd1 Nab3 38. f5 Ra4 39. fxg6 Rxg4 40. gxf7 Kxf7 41. e6+ Ke7 42. Rd7+ Nxd7 43. exd7+ Kxd7 44. Rxb3 Kc6 45. Rh3 h5 46. Kc2 b5 47. Kc3 Kc5 48. b4+ Kc6 49. Kb3 Kb6 50. Kc3 Kc6 51. Kd3 Kb6 52. Kc3 Kc6 53. Kb3 Kb6 54. a4 bxa4+ 55. Kxa4 Ka6 56. Rf3 1/2-1/2

[Event "Lisbon-ch final"]
[Site "Lisbon"]
[Date "2007.06.28"]
[Round "8"]
[White "Baptista, Ana Filipa"]
[Black "Pinheiro, Jose"]
[Result "0-1"]
[WhiteElo "2043"]
[BlackElo "2313"]
[PlyCount "122"]
[EventDate "2007.06.15"]
[EventType "swiss"]
[EventRounds "9"]
[EventCountry "POR"]
[SourceTitle "EXT 2018"]
[Source "ChessBase"]
[SourceDate "2017.10.13"]
[SourceVersion "1"]
[SourceVersionDate "2017.10.13"]
[SourceQuality "1"]

1. e4 Nf6 2. e5 Nd5 3. c4 Nb6 4. d4 d6 5. exd6 cxd6 6. Nc3 g6 7. h3 Bg7 8. Nf3 0-0 9. Bd3 Nc6 10. Be3 e5 11. dxe5 dxe5 12. 0-0 Be6 13. Qe2 Re8 14. c5 Nd5 15. Nxd5 Bxd5 16. Bc4 e4 17. Bxd5 Qxd5 18. Ne1 Rad8 19. Nc2 Qd3 20. Qd1 Bxb2 21. Rb1 Qc4 22. Rxb2 Rxd1 23. Rxd1 Qc3 24. Rdb1 Rd8 25. Bh6 Qxc5 26. Ne3 b6 27. Rc2 Qd6 28. Bg5 f6 29. Bh6 Nd4 30. Rc4 b5 31. Rcb4 f5 32. g3 a6 33. Kg2 Ne6 34. a4 Nd4 35. axb5 axb5 36. R4b2 Qc5 37. Rd2 Ne6 38. Rc2 Qe5 39. Rcb2 Rb8 40. Nc4 Qc5 41. Rc2 Nd4 42. Be3 Rc8 43. Rd2 bxc4 44. Rxd4 Qc6 45. Rc1 c3 46. Rc2 Kg7 47. Rd1 Qa4 48. Rdc1 Qb4 49. Bf4 Qd4 50. Be3 Qd3 51. Bb6 g5 52. Ba5 Qf3+ 53. Kh2 Kg6 54. Bb6 f4 55. gxf4 gxf4 56. Bd4 e3 57. fxe3 fxe3 58. Bxc3 e2 59. Be1 Qf4+ 60. Bg3 Qxc1 61. Rxe2 Rc2 0-1

[Event "Lisbon-ch final"]
[Site "Lisbon"]
[Date "2007.06.25"]
[Round "6"]
[White "Sukhov, Andrey"]
[Black "Pinheiro, Jose"]
[Result "0-1"]
[WhiteElo "2120"]
[BlackElo "2313"]
[PlyCount "66"]
[EventDate "2007.06.15"]
[EventType "swiss"]
[EventRounds "9"]
[EventCountry "POR"]
[SourceTitle "EXT 2018"]
[Source "ChessBase"]
[SourceDate "2017.10.13"]
[SourceVersion "1"]
[SourceVersionDate "2017.10.13"]
[SourceQuality "1"]

1. e4 c5 2. Nf3 e6 3. d4 cxd4 4. Nxd4 a6 5. Bd3 Qb6 6. c3 Nc6 7. Nxc6 Qxc6 8. Nd2 Nf6 9. 0-0 d6 10. c4 Be7 11. b3 0-0 12. Ba3 Nd7 13. Rc1 Qb6 14. Kh1 Qa5 15. Bb2 e5 16. Bc3 Qb6 17. f4 exf4 18. Rxf4 Ne5 19. Nf3 Qe3 20. Bd2 Qb6 21. Qe2 Ng6 22. Rf5 Bxf5 23. exf5 Ne5 24. c5 Qd8 25. cxd6 Bxd6 26. Nxe5 Bxe5 27. Qxe5 Qxd3 28. Bc3 f6 29. Qe6+ Kh8 30. Bb4 Rfe8 31. Qf7 Qe4 32. Ba5 Qxf5 33. Bc7 Qc5 0-1

[Event "Lisbon-ch final"]
[Site "Lisbon"]
[Date "2007.06.15"]
[Round "1"]
[White "Pinheiro, Jose"]
[Black "Fanha, Paulo Alexandre Mar"]
[Result "1-0"]
[WhiteElo "2313"]
[BlackElo "1995"]
[PlyCount "81"]
[EventDate "2007.06.15"]
[EventType "swiss"]
[EventRounds "9"]
[EventCountry "POR"]
[SourceTitle "EXT 2018"]
[Source "ChessBase"]
[SourceDate "2017.10.13"]
[SourceVersion "1"]
[SourceVersionDate "2017.10.13"]
[SourceQuality "1"]

1. e4 c6 2. d3 d5 3. Nd2 e5 4. Ngf3 Bd6 5. Be2 f5 6. c3 Nf6 7. 0-0 0-0 8. Qe1 Qe7 9. Bd1 b6 10. Bb3 Kh8 11. c4 fxe4 12. dxe4 d4 13. Nh4 Nh5 14. Nf5 Bxf5 15. exf5 Nf4 16. g3 Nd3 17. Qe2 Nxc1 18. Raxc1 Nd7 19. Bc2 Nc5 20. a3 a5 21. Rce1 Rae8 22. Qf3 Qd7 23. Ne4 Nxe4 24. Bxe4 Re7 25. Qh5 Kg8 26. Rd1 Rf6 27. Rd3 Bc7 28. Rc1 Qe8 29. Qh4 Rh6 30. Qg4 c5 31. h4 Qh5 32. Bd5+ Kf8 33. Qe4 Rf6 34. Rf3 g5 35. g4 Qxh4 36. Rg3 h5 37. Kg2 Rh7 38. Rh1 Qxh1+ 39. Kxh1 hxg4+ 40. Kg1 Rfh6 41. Rxg4 1-0

[Event "Evora Carpintero Memorial 1st"]
[Site "Evora"]
[Date "2006.10.29"]
[Round "4"]
[White "Pinheiro, Jose"]
[Black "Leite Oralova, Catarina"]
[Result "1/2-1/2"]
[WhiteElo "2336"]
[BlackElo "2237"]
[PlyCount "36"]
[EventDate "2006.10.27"]
[EventType "swiss"]
[EventRounds "5"]
[EventCountry "POR"]
[SourceTitle "CBM 115 Extra"]
[Source "ChessBase"]
[SourceDate "2007.01.10"]
[SourceVersion "1"]
[SourceVersionDate "2007.01.10"]
[SourceQuality "1"]

1. c4 Nf6 2. Nc3 Nc6 3. g3 d5 4. cxd5 Nxd5 5. Bg2 Nxc3 6. bxc3 e5 7. Nf3 Bc5 8. 0-0 0-0 9. d3 Bg4 10. Rb1 Rb8 11. h3 Be6 12. Qa4 Qd7 13. Rb5 Be7 14. Kh2 h6 15. d4 a6 16. Rb2 Nxd4 17. Qxd7 Nxf3+ 18. Bxf3 Bxd7 1/2-1/2

[Event "Guernsey op 32nd"]
[Site "Grand Harve Bay"]
[Date "2006.10.15"]
[Round "1"]
[White "Pinheiro, Jose"]
[Black "Dijksterhuis, Rolf"]
[Result "1-0"]
[WhiteElo "2336"]
[BlackElo "2049"]
[PlyCount "47"]
[EventDate "2006.10.15"]
[EventType "swiss"]
[EventRounds "7"]
[EventCountry "GCI"]
[SourceTitle "EXT 2007"]
[Source "ChessBase"]
[SourceDate "2006.11.23"]
[SourceVersion "1"]
[SourceVersionDate "2006.11.23"]
[SourceQuality "1"]

1. c4 c6 2. Nf3 Nf6 3. g3 d5 4. Qc2 e6 5. Bg2 Nbd7 6. 0-0 Be7 7. b3 0-0 8. Bb2 b6 9. d4 Bb7 10. Nc3 Rc8 11. e4 dxe4 12. Nxe4 c5 13. Nxf6+ Nxf6 14. dxc5 Be4 15. Qc3 Bxc5 16. Rfe1 Bg6 17. b4 Be7 18. Ne5 Nd5 19. Bxd5 exd5 20. Nxg6 Bf6 21. Ne7+ Qxe7 22. Rxe7 Bxc3 23. Bxc3 Rxc4 24. Be1 1-0

[Event "Lisbon AXL/CML"]
[Site "Lisbon"]
[Date "2006.01.21"]
[Round "6"]
[White "Pinheiro, Jose"]
[Black "Neves, Jose Joaquim A Cost"]
[Result "1-0"]
[WhiteElo "2346"]
[BlackElo "2077"]
[PlyCount "101"]
[EventDate "2006.01.16"]
[EventType "tourn"]
[EventRounds "9"]
[EventCountry "POR"]
[SourceTitle "EXT 2008"]
[Source "ChessBase"]
[SourceDate "2007.11.25"]
[SourceVersion "1"]
[SourceVersionDate "2007.11.25"]
[SourceQuality "1"]

1. Nf3 Nf6 2. c4 e6 3. g3 d5 4. Bg2 Be7 5. 0-0 0-0 6. Qc2 c5 7. d4 cxd4 8. Nxd4 Nc6 9. Nxc6 bxc6 10. Nd2 Bb7 11. b3 Rc8 12. Bb2 Qb6 13. e4 a5 14. Rab1 Rfd8 15. h3 d4 16. e5 Nd7 17. Qe4 Nc5 18. Qe2 Ba8 19. Ba1 Nd7 20. Rfd1 c5 21. f4 Bxg2 22. Qxg2 f5 23. exf6 Bxf6 24. Ne4 Qc6 25. Rd2 Kf7 26. Re1 Nf8 27. Qf3 g6 28. a4 Kg7 29. Rd3 Re8 30. Rf1 Nd7 31. g4 Rf8 32. Bb2 Be7 33. Qg2 Nf6 34. Ng5 h6 35. Qxc6 Rxc6 36. Nf3 Nd7 37. Bc1 Bd6 38. Ne1 e5 39. fxe5 Rxf1+ 40. Kxf1 Nxe5 41. Rd2 Rb6 42. Rb2 g5 43. Ke2 Kg6 44. Nd3 Nc6 45. Rb1 Rb7 46. Bd2 Re7+ 47. Kf3 Rf7+ 48. Ke4 Nb4 49. Bxb4 axb4 50. Kd5 Bf8 51. Ne5+ 1-0

[Event "Lisbon AXL/CML"]
[Site "Lisbon"]
[Date "2006.01.18"]
[Round "3"]
[White "Pinheiro, Jose"]
[Black "Reis, Luis Sousa"]
[Result "1-0"]
[WhiteElo "2346"]
[BlackElo "2227"]
[PlyCount "93"]
[EventDate "2006.01.16"]
[EventType "tourn"]
[EventRounds "9"]
[EventCountry "POR"]
[SourceTitle "EXT 2008"]
[Source "ChessBase"]
[SourceDate "2007.11.25"]
[SourceVersion "1"]
[SourceVersionDate "2007.11.25"]
[SourceQuality "1"]

1. c4 Nf6 2. Nf3 a6 3. Nc3 e6 4. d4 Bb4 5. e3 0-0 6. Bd3 d6 7. 0-0 Bxc3 8. bxc3 Nbd7 9. Ne1 e5 10. f4 Re8 11. f5 c5 12. d5 e4 13. Be2 Qa5 14. g4 Ne5 15. Rf4 Nxc4 16. g5 Nd7 17. Bxc4 Qxc3 18. Qe2 b5 19. Bb3 Qxa1 20. Bb2 Qb1 21. Bxg7 Kxg7 22. f6+ Kh8 23. Bc2 Qc1 24. Rf1 Ne5 25. Bxe4 Bg4 26. Qf2 Ng6 27. Ng2 Qxf1+ 28. Kxf1 Rxe4 29. Qg3 Ne5 30. h3 Bf5 31. Nf4 c4 32. g6 Nxg6 33. Nxg6+ Bxg6 34. Qxd6 Rg8 35. Qc5 Rge8 36. d6 Rxe3 37. d7 Re1+ 38. Kf2 R8e2+ 39. Kf3 Be4+ 40. Kg4 Rg2+ 41. Kf4 Rf1+ 42. Kxe4 Re2+ 43. Kd4 Rf4+ 44. Kc3 b4+ 45. Kxb4 c3+ 46. Kb3 Rb2+ 47. Kxc3 1-0

[Event "POR-ch"]
[Site "Vila Real"]
[Date "2005.08.11"]
[Round "9"]
[White "Pinheiro, Jose"]
[Black "Fernando, Diogo"]
[Result "0-1"]
[WhiteElo "2362"]
[BlackElo "2440"]
[PlyCount "82"]
[EventDate "2005.08.03"]
[EventType "tourn"]
[EventRounds "9"]
[EventCountry "POR"]
[EventCategory "5"]
[SourceTitle "CBM 107 Extra"]
[Source "ChessBase"]
[SourceDate "2005.09.01"]
[SourceVersion "1"]
[SourceVersionDate "2005.09.01"]
[SourceQuality "1"]

1. e4 c5 2. Nf3 d6 3. c3 Nf6 4. h3 Nc6 5. Bd3 e5 6. 0-0 g5 7. Na3 g4 8. Nh4 gxh3 9. g3 Rg8 10. Nc2 Bh6 11. Bc4 Nxe4 12. Qh5 Qf6 13. d3 Nxg3 14. fxg3 Rxg3+ 15. Kh2 Qxf1 16. Qxf7+ Qxf7 17. Bxf7+ Kxf7 18. Kxg3 Bxc1 19. Rxc1 Be6 20. Rf1+ Ke7 21. Nf5+ Kd7 22. Nh6 d5 23. a3 d4 24. Ne1 b5 25. Nf3 Ke7 26. cxd4 cxd4 27. Rc1 Kd6 28. Ng5 Bd5 29. Nf5+ Kd7 30. Rc5 Bg2 31. Nxh3 Bxh3 32. Kxh3 a6 33. Kg4 Rg8+ 34. Kf3 Rg1 35. Ke4 Rf1 36. Ng3 Re1+ 37. Kf5 Re3 38. Nh5 Kd6 39. Rc2 Rxd3 40. Nf6 Rf3+ 41. Kg5 h6+ 0-1

[Event "POR-ch"]
[Site "Vila Real"]
[Date "2005.08.04"]
[Round "2"]
[White "Pinheiro, Jose"]
[Black "Damaso, Rui"]
[Result "0-1"]
[WhiteElo "2362"]
[BlackElo "2432"]
[PlyCount "76"]
[EventDate "2005.08.03"]
[EventType "tourn"]
[EventRounds "9"]
[EventCountry "POR"]
[EventCategory "5"]
[SourceTitle "CBM 107 Extra"]
[Source "ChessBase"]
[SourceDate "2005.09.01"]
[SourceVersion "1"]
[SourceVersionDate "2005.09.01"]
[SourceQuality "1"]

1. c4 e5 2. g3 Nf6 3. Bg2 Bc5 4. Nc3 0-0 5. Nf3 d6 6. 0-0 Nc6 7. d3 h6 8. Na4 a5 9. Nxc5 dxc5 10. Be3 Qe7 11. Nd2 Nd4 12. f3 Be6 13. Ne4 Nxe4 14. fxe4 Qd7 15. Qd2 Ra6 16. Rf2 a4 17. Qc3 Rd6 18. Bxd4 cxd4 19. Qa5 f6 20. Rc1 Ra6 21. Qb4 Rc8 22. Rc2 c5 23. Qa3 Kf7 24. Rf1 b5 25. cxb5 Qxb5 26. Rfc1 Rac6 27. Bf1 c4 28. e3 cxd3 29. Qxd3 Qxd3 30. Bxd3 Rxc2 31. Rxc2 Rd8 32. Kf2 Bxa2 33. Bc4+ Bxc4 34. Rxc4 d3 35. Ke1 Rb8 36. Rc7+ Kg6 37. Kf2 Rxb2+ 38. Kf3 a3 0-1

[Event "POR-chT2"]
[Site "Portugal"]
[Date "2005.03.05"]
[Round "?"]
[White "Pereira, Ruben Miguel Nunes"]
[Black "Pinheiro, Jose"]
[Result "0-1"]
[WhiteElo "2188"]
[BlackElo "2346"]
[PlyCount "76"]
[EventDate "2005.01.??"]
[EventType "team"]
[EventRounds "7"]
[EventCountry "POR"]
[SourceTitle "EXT 2006"]
[Source "ChessBase"]
[SourceDate "2005.11.24"]
[SourceVersion "1"]
[SourceVersionDate "2005.11.24"]
[SourceQuality "1"]

1. e4 Nf6 2. Nc3 d6 3. d4 g6 4. f3 Bg7 5. Be3 Nbd7 6. Qd2 e5 7. d5 0-0 8. Nge2 Ne8 9. 0-0-0 f5 10. g3 Ndf6 11. h3 Qe7 12. Bg2 Bd7 13. Kb1 c5 14. Bg5 b5 15. Rde1 b4 16. Nd1 fxe4 17. fxe4 Rf7 18. g4 Nc7 19. c4 bxc3 20. Ndxc3 a6 21. Rhf1 Nb5 22. Nxb5 axb5 23. Nc1 Qf8 24. Qe3 Qd8 25. Rf3 Qa5 26. Ref1 Raf8 27. Qe1 Qxe1 28. Rxe1 h5 29. gxh5 Nxh5 30. Ree3 Nf4 31. Bf1 Nxd5 32. Rxf7 Rxf7 33. exd5 Rxf1 34. Ra3 Bf6 35. Bd2 Bf5+ 36. Ka1 e4 37. Ra6 Bd4 38. Bg5 e3 0-1

[Event "Olympiad-36"]
[Site "Mallorca"]
[Date "2004.10.28"]
[Round "13"]
[White "Pinheiro, Jose"]
[Black "Contreras, Henry"]
[Result "1/2-1/2"]
[WhiteElo "2310"]
[BlackElo "2307"]
[PlyCount "80"]
[EventDate "2004.10.15"]
[EventType "team-swiss"]
[EventRounds "14"]
[EventCountry "ESP"]
[SourceTitle "CBM 104"]
[Source "ChessBase"]
[SourceDate "2005.01.27"]
[SourceVersion "1"]
[SourceVersionDate "2005.01.27"]
[SourceQuality "1"]
[WhiteTeam "Portugal"]
[BlackTeam "Columbia"]
[WhiteTeamCountry "POR"]
[BlackTeamCountry "COL"]

1. c4 e5 2. g3 Nf6 3. Bg2 d5 4. cxd5 Nxd5 5. Nc3 Nb6 6. Nf3 Nc6 7. 0-0 Be7 8. a4 a5 9. Nb5 Be6 10. d4 exd4 11. Nfxd4 Nxd4 12. Qxd4 Qxd4 13. Nxd4 Bd5 14. e4 Bc4 15. Rd1 0-0-0 16. Be3 g6 17. b3 Ba6 18. Nb5 Bxb5 19. axb5 Bb4 20. Bh3+ Kb8 21. Bxb6 cxb6 22. Bf1 Rxd1 23. Rxd1 Rc8 24. e5 Rc3 25. Rd7 Rc7 26. Rxc7 Kxc7 27. Bc4 Bc3 28. f4 f6 29. e6 Kd6 30. Kf2 f5 31. Ke3 Bf6 32. Kd3 h5 33. e7 Kxe7 34. Bd5 Bb2 35. Bxb7 Kd6 36. Bf3 Ke6 37. Bd1 Kf6 38. h4 Ba3 39. Kd2 Bc5 40. Ke2 Bg1 1/2-1/2

[Event "Olympiad-36"]
[Site "Mallorca"]
[Date "2004.10.24"]
[Round "9"]
[White "Pinheiro, Jose"]
[Black "Montalvo Rosario, Alejandro"]
[Result "1-0"]
[WhiteElo "2310"]
[BlackElo "2240"]
[PlyCount "71"]
[EventDate "2004.10.15"]
[EventType "team-swiss"]
[EventRounds "14"]
[EventCountry "ESP"]
[SourceTitle "CBM 104"]
[Source "ChessBase"]
[SourceDate "2005.01.27"]
[SourceVersion "1"]
[SourceVersionDate "2005.01.27"]
[SourceQuality "1"]
[WhiteTeam "Portugal"]
[BlackTeam "Puerto Rico"]
[WhiteTeamCountry "POR"]
[BlackTeamCountry "PUR"]

1. c4 g6 2. Nf3 Bg7 3. g3 e5 4. Nc3 Nc6 5. Bg2 d6 6. d3 f5 7. Bg5 Nf6 8. Rb1 a5 9. a3 h6 10. Bxf6 Bxf6 11. Nd5 0-0 12. 0-0 Bg7 13. b4 axb4 14. axb4 g5 15. b5 Ne7 16. Nd2 Nxd5 17. cxd5 b6 18. Qc2 Bd7 19. Rfc1 Ra7 20. e4 f4 21. Ra1 Rxa1 22. Rxa1 Rf7 23. Ra7 fxg3 24. hxg3 Qf6 25. Nf1 Bxb5 26. Ne3 Bxd3 27. Qd2 h5 28. Nf5 Bb5 29. Qc2 c5 30. dxc6 Rxa7 31. Qb3+ Qf7 32. Qxb5 Qc7 33. Bf1 Ra5 34. Qc4+ Kh7 35. Qe6 Ra1 36. Ne7 1-0

[Event "POR-chT"]
[Site "Vila Nova de Gaia"]
[Date "2004.08.05"]
[Round "4.1"]
[White "Pinheiro, Jose"]
[Black "Campora, Daniel Hugo"]
[Result "0-1"]
[WhiteElo "2314"]
[BlackElo "2547"]
[PlyCount "90"]
[EventDate "2004.08.02"]
[EventType "team"]
[EventRounds "7"]
[EventCountry "POR"]
[SourceTitle "EXT 2005"]
[Source "ChessBase"]
[SourceDate "2004.11.15"]
[SourceVersion "1"]
[SourceVersionDate "2004.11.15"]
[SourceQuality "1"]
[WhiteTeam "10"]
[BlackTeam "02"]
[WhiteTeamCountry "POR"]
[BlackTeamCountry "POR"]

1. c4 e5 2. g3 Nf6 3. Bg2 c6 4. Nf3 e4 5. Nd4 d5 6. cxd5 Qxd5 7. Nc2 Qh5 8. h3 Qg6 9. Nc3 Na6 10. Ne3 Bc5 11. Qc2 Bxe3 12. dxe3 Bf5 13. Na4 0-0 14. Bd2 Rfe8 15. Nc5 Nxc5 16. Qxc5 Nd5 17. b4 b6 18. Qc4 Qe6 19. Rc1 Rac8 20. g4 Bg6 21. f4 f5 22. Kf2 Bf7 23. Kg3 Qg6 24. Qd4 h5 25. Kf2 h4 26. gxf5 Qxf5 27. Rhg1 Nf6 28. Bf1 Kh7 29. Qb2 Qe6 30. Bc3 c5 31. bxc5 Rxc5 32. Bd4 Rxc1 33. Qxc1 Rc8 34. Qb2 Bg6 35. Rg5 Bf5 36. Bg2 Rf8 37. Be5 g6 38. Qb4 Rf7 39. Qc3 Kh6 40. Qd4 Nh7 41. Bf1 Nxg5 42. fxg5+ Kh7 43. Bf6 Rd7 44. Qb4 Bxh3 45. Bg2 Bxg2 0-1

[Event "POR-chT"]
[Site "Vila Nova de Gaia"]
[Date "2004.08.03"]
[Round "2.1"]
[White "Pinheiro, Jose"]
[Black "Galego, Luis"]
[Result "1/2-1/2"]
[WhiteElo "2314"]
[BlackElo "2489"]
[PlyCount "65"]
[EventDate "2004.08.02"]
[EventType "team"]
[EventRounds "7"]
[EventCountry "POR"]
[SourceTitle "EXT 2005"]
[Source "ChessBase"]
[SourceDate "2004.11.15"]
[SourceVersion "1"]
[SourceVersionDate "2004.11.15"]
[SourceQuality "1"]
[WhiteTeam "10"]
[BlackTeam "01"]
[WhiteTeamCountry "POR"]
[BlackTeamCountry "POR"]

1. c4 c5 2. Nf3 Nc6 3. e3 Nf6 4. Nc3 e5 5. Qc2 d6 6. a3 Be7 7. Be2 0-0 8. 0-0 Re8 9. Ng5 g6 10. d3 Bf8 11. Rb1 h6 12. Nge4 Nh7 13. Nd5 Be6 14. Nec3 Rc8 15. b4 b6 16. b5 Ne7 17. Nxe7+ Qxe7 18. Bf3 Nf6 19. a4 Red8 20. Qb3 Bg7 21. Bb2 Bf5 22. Rfd1 h5 23. Bc6 a5 24. Nd5 Nxd5 25. Bxd5 h4 26. h3 g5 27. e4 Be6 28. Bxe6 Qxe6 29. f3 Rc7 30. Rf1 f5 31. Qc2 Rf7 32. Qe2 Bh6 33. Rbe1 1/2-1/2

[Event "POR-chT"]
[Site "Vila Nova de Gaia"]
[Date "2004.08.02"]
[Round "1.1"]
[White "Romero Holmes, Alfonso"]
[Black "Pinheiro, Jose"]
[Result "1/2-1/2"]
[WhiteElo "2517"]
[BlackElo "2314"]
[PlyCount "68"]
[EventDate "2004.08.02"]
[EventType "team"]
[EventRounds "7"]
[EventCountry "POR"]
[SourceTitle "EXT 2005"]
[Source "ChessBase"]
[SourceDate "2004.11.15"]
[SourceVersion "1"]
[SourceVersionDate "2004.11.15"]
[SourceQuality "1"]
[WhiteTeam "05"]
[BlackTeam "10"]
[WhiteTeamCountry "POR"]
[BlackTeamCountry "POR"]

1. e4 c5 2. Nf3 Nc6 3. Nc3 g6 4. Bc4 Bg7 5. h4 h6 6. d3 d6 7. Bf4 Nf6 8. Qd2 Ng4 9. 0-0-0 a6 10. Bd5 Nd4 11. Nxd4 cxd4 12. Nb1 e5 13. Bg3 h5 14. Qe2 Bh6+ 15. Nd2 0-0 16. Kb1 Kg7 17. Rc1 Qa5 18. c3 Nf6 19. Bb3 b5 20. Rc2 dxc3 21. Rxc3 Qb6 22. Rf1 a5 23. f4 Bg4 24. Qe1 a4 25. Bd1 Bxd1 26. Qxd1 Ng4 27. Qc1 Qe3 28. Nf3 exf4 29. Bh2 b4 30. Re1 Qa7 31. Rc7 Qf2 32. Rc2 Qa7 33. Rc7 Qf2 34. Rc2 Qa7 1/2-1/2

[Event "POR-ch"]
[Site "Lisbon"]
[Date "2003.08.19"]
[Round "4.3"]
[White "Galego, Luis"]
[Black "Pinheiro, Jose"]
[Result "1-0"]
[WhiteElo "2494"]
[BlackElo "2336"]
[PlyCount "99"]
[EventDate "2003.08.16"]
[EventType "tourn"]
[EventRounds "9"]
[EventCountry "POR"]
[EventCategory "5"]
[SourceTitle "CBM 095 Extra"]
[Source "ChessBase"]
[SourceDate "2003.09.04"]
[SourceVersion "1"]
[SourceVersionDate "2003.09.04"]
[SourceQuality "1"]

1. c4 c5 2. Nf3 g6 3. g3 Nc6 4. Bg2 Bg7 5. 0-0 d6 6. Nc3 Nf6 7. d4 cxd4 8. Nxd4 Bd7 9. Nc2 0-0 10. b3 Qa5 11. Nb5 Rfc8 12. Bd2 Qd8 13. Nc3 Rab8 14. Ne3 a6 15. Rc1 b5 16. Ncd5 bxc4 17. Nxc4 Nxd5 18. Bxd5 Nb4 19. Bxb4 Rxb4 20. Qd2 Rbb8 21. Na5 Qb6 22. Bf3 Bd4 23. Rc4 Rxc4 24. Nxc4 Qc5 25. e3 Bf6 26. Rc1 Rc8 27. Rc2 Qa7 28. Kg2 Rc5 29. b4 Rc7 30. Na5 Ba4 31. Rc1 Kg7 32. a3 Bb5 33. Bc6 Qb6 34. Bxb5 axb5 35. Rxc7 Qxc7 36. Qd5 Qb6 37. h4 h5 38. Kf1 e6 39. Qd3 d5 40. Ke2 Bb2 41. Qc2 Ba1 42. Qc6 Qb8 43. a4 bxa4 44. Qxa4 Bc3 45. Nc6 Qb6 46. b5 e5 47. Qb3 d4 48. Nxe5 Qf6 49. f4 Qf5 50. b6 1-0

[Event "Internet Section 18-A"]
[Site "Dos Hermanas"]
[Date "2003.03.18"]
[Round "2"]
[White "Fridman, Daniel"]
[Black "Pinheiro, Jose"]
[Result "1-0"]
[WhiteElo "2577"]
[BlackElo "2321"]
[PlyCount "97"]
[EventDate "2003.03.18"]
[EventType "swiss (blitz)"]
[EventRounds "9"]
[EventCountry "ESP"]
[SourceTitle "EXT 2004"]
[Source "ChessBase"]
[SourceDate "2003.11.25"]
[SourceVersion "1"]
[SourceVersionDate "2003.11.25"]
[SourceQuality "1"]

1. Nf3 c5 2. c4 g6 3. e4 Bg7 4. d4 cxd4 5. Nxd4 Nc6 6. Be3 Nf6 7. Nc3 0-0 8. Be2 d6 9. 0-0 Bd7 10. f3 Nxd4 11. Bxd4 a5 12. Qd2 Bc6 13. b3 Nd7 14. Be3 Nc5 15. Rfd1 Qb6 16. Rab1 Rfc8 17. Nb5 Qd8 18. Nd4 Qf8 19. Bf1 Be5 20. g3 Qg7 21. Bg2 Qf8 22. Qf2 Bg7 23. Nxc6 bxc6 24. f4 Ne6 25. a3 Rab8 26. f5 Nc5 27. b4 axb4 28. axb4 Na4 29. Rb3 Ra8 30. Qd2 Be5 31. c5 Rab8 32. cxd6 exd6 33. fxg6 hxg6 34. Bf1 Nc5 35. Bxc5 dxc5 36. Bc4 Rd8 37. Rd3 Rxd3 38. Qxd3 Rxb4 39. Rf1 Rb7 40. Kg2 Qd6 41. Qf3 Qe7 42. Qg4 Kg7 43. Rxf7+ Qxf7 44. Bxf7 Rxf7 45. Qe6 Bd4 46. Qxc6 Rf2+ 47. Kh3 Re2 48. Qa8 Kf6 49. Qa6+ 1-0